| 000 | 00573nam a2200217Ia 4500 | ||
|---|---|---|---|
| 003 | 0100 | ||
| 008 | 130227s9999 xx 000 0 und d | ||
| 040 | _cARRUPELIB | ||
| 050 | _aB759.M34F68 | ||
| 100 | _aFox, Marvin | ||
| 245 | _aInterpreting maimonides | ||
| 245 | _bstudies in methodology, metaphysics and moral philosophy | ||
| 260 | _aChicago | ||
| 260 | _bThe University of Chicago Press | ||
| 260 | _C1990 | ||
| 300 | _a356p. | ||
| 300 | _b 23 cm | ||
| 440 | _aChicago studies in the history of judaism | ||
| 650 | _bBorges, Jorge Luis | ||
| 942 |
_2lcc _01 |
||
| 999 |
_c262 _d262 |
||